| 000 | 01373nam a2200337 i 4500 | ||
|---|---|---|---|
| 003 | DO-SdBNP | ||
| 005 | 20260205083649.0 | ||
| 007 | ta | ||
| 008 | 210309b2020 dr ||||e ||||u001 0 spa d | ||
| 020 | _a9789945610314 | ||
| 040 |
_aDO-SdBNP _bspa _cBNPHU _erda |
||
| 082 | 4 |
_a346.0432 _bG633L _222 |
|
| 100 | 1 |
_aGómez Ramírez, Wilson S _d1953- _eautor _946083 |
|
| 245 | 1 | 3 |
_aLa constitucionalidad del derecho de propiedad y el sistema inmobiliario registral de la República Dominicana / _cWilson Gómez Ramírez ; prólogo, Milton Ray Guevara. |
| 264 | 1 |
_aSanto Domingo : _bTribunal Constitucional de la República Dominicana, _c2020. |
|
| 300 |
_a213 páginas ; _c22 cm. |
||
| 336 |
_2rdacontent _atexto _btxt |
||
| 337 |
_2rdamedia _asin mediación _bn |
||
| 338 |
_2rdacarrier _avolumen _bnc |
||
| 490 | _aIUDEX | ||
| 500 | _aIncluye referencias bibliográficas y notas al pié de las páginas. | ||
| 504 | _aBibliografía : p. 208-213 | ||
| 590 | _aInventariado, 2021/MFF | ||
| 650 | 4 |
_aRegistro de propiedad _xLegislación _zRepública Dominicana _979372 |
|
| 650 | 0 |
_aCatastro _916483 |
|
| 650 | 4 |
_aBienes raices _xLegislación _zRepública Dominicana _979373 |
|
| 700 | 1 |
_aMilton Ray Guevara _d1948- _eprólogo _978143 |
|
| 710 | 1 |
_aRepública Dominicana. _bCorte de Constitucionalidad _971191 |
|
| 910 | _aValidado. Control de calidad MFF | ||
| 942 |
_2ddc _cLBS1 |
||
| 999 |
_c49521 _d49521 |
||